[Event "Hessenliga 9899"]
[Site "GER"]
[Date "1998.??.??"]
[Round "?"]
[White "Giesen, Dieter"]
[Black "Emmerich, Dirk"]
[Result "1/2-1/2"]
[WhiteElo "2230"]
[BlackElo "2215"]

1.e4 g6 2.d4 Bg7 3.Nc3 d6 4.Be3 c6 5.Qd2 Nd7 6.a4 b6 7.Nf3 Ngf6 8.Bc4 e6
9.Bg5 Qc7 10.O-O O-O 11.Rfe1 Re8 12.h3 Bb7 13.Rad1 a6 14.e5 dxe5 15.Nxe5 b5
16.Nxd7 Qxd7 17.Bxf6 Bxf6 18.Ne4 Be7 19.Bb3 Rad8 20.Qf4 c5 21.axb5 axb5 22.Nxc5 Bxc5
23.dxc5 Qc6 24.f3 Qxc5+ 25.Kh2  1/2-1/2

[Event "Oberliga Sued W9798"]
[Site "GER"]
[Date "1998.??.??"]
[Round "?"]
[White "Bastian, Martin"]
[Black "Konrad, Lutz"]
[Result "1-0"]
[WhiteElo "2175"]
[BlackElo "2170"]

1.e4 g6 2.Nc3 Bg7 3.d4 d6 4.g3 Nc6 5.Be3 e5 6.d5 Nce7 7.Bg2 f5 8.Nge2 Nf6
9.exf5 Bxf5 10.h3 Bd7 11.f4 Nf5 12.Bf2 exf4 13.Nxf4 Qe7+ 14.Qe2 Qxe2+ 15.Ncxe2 g5
16.Ne6 Bxe6 17.dxe6 c6 18.O-O Ne7 19.Rad1 d5 20.Bc5 Ng6 21.Nd4 Bf8 22.e7 Bxe7
23.Bxe7 Kxe7 24.Rde1+ Ne4 25.Bxe4 dxe4 26.Rxe4+ Kd6 27.Ne6 c5 28.Rd1+ Kc6
29.b4 cxb4 30.Rc4+ Kb5 31.Rdd4 Rac8 32.Rxb4+ Kc6 33.Nxg5 Ne5 34.Re4 Rce8
35.Rf4 Re7 36.Rf6+ Kc7 37.Rh4 Rg8 38.Rh5 Kd7 39.Kg2 Rc8 40.Rf2 Nc4 41.Nxh7 Ne3+
42.Kh2 Rxc2 43.Rxc2 Nxc2 44.g4 Re2+ 45.Kg3 Ne1 46.g5 Rxa2 47.g6 Ke6 48.Nf8+ Ke7
49.Rf5 Rg2+ 50.Kh4 b5 51.Kh5 b4 52.Rf7+ Ke8 53.Nh7 b3 54.Nf6+ Kd8 55.g7 Rxg7
56.Rxg7 Kc8 57.Nd5 a5 58.Ra7  1-0

[Event "Hessenliga 9899"]
[Site "GER"]
[Date "1998.??.??"]
[Round "?"]
[White "Mai, Philipp"]
[Black "Schiffer, Steve"]
[Result "1/2-1/2"]
[WhiteElo "2240"]
[BlackElo "2125"]

1.e4 g6 2.d4 Bg7 3.Nc3 d6 4.Be3 c6 5.Qd2 Qc7 6.O-O-O a6 7.h3 b5 8.f4 Nd7
9.Nf3 Ngf6 10.Bd3 Nb6 11.b3 b4 12.Nb1 a5 13.g4 Ba6 14.f5 Bxd3 15.Qxd3 a4
16.e5 axb3 17.axb3 Nfd5 18.e6 fxe6 19.Ng5 Bh6 20.Nxe6 Bxe3+ 21.Qxe3 Qa7 22.Qe4 Kd7
23.Kd2 Nf6 24.Qf3 gxf5 25.Qxf5 Qa5 26.Qxa5 Rxa5 27.Rde1  1/2-1/2

[Event "NRW-Liga I 9899"]
[Site "GER"]
[Date "1998.??.??"]
[Round "1"]
[White "Baumhus, Reinhard"]
[Black "Fridman, Daniel"]
[Result "0-1"]
[WhiteElo "2330"]
[BlackElo "2520"]

1.e4 g6 2.d4 Bg7 3.Nc3 d6 4.Nge2 Nf6 5.g3 O-O 6.Bg2 e5 7.O-O Nc6 8.dxe5 Nxe5
9.h3 Re8 10.f4 Nc4 11.Qd3 Nb6 12.g4 h6 13.Be3 Qe7 14.Bf2 Be6 15.Rfe1 Rad8
16.Nd4 Bc4 17.Qf3 Nfd7 18.a4 c5 19.Ndb5 a6 20.Na3 Be6 21.a5 Nc8 22.e5 b5
23.axb6 Ncxb6 24.exd6 Qxd6 25.Rad1 Qc7 26.f5 Ne5 27.Rxe5 Bxe5 28.fxe6 Rxd1+
29.Nxd1 Rxe6 30.c3 Qd6 31.Ne3 Rf6 32.Qe2 Bg3 33.Bxg3 Qxg3 34.Nf1 Qf4 35.Qe3 Na4
36.Qe2 Re6 37.Qc2 Re1 38.Qf2 Qxf2+ 39.Kxf2 Rc1 40.Bb7 Nxb2 41.c4 Nd3+ 42.Ke2 Nf4+  0-1

[Event "NRW-Liga II 9899"]
[Site "GER"]
[Date "1998.??.??"]
[Round "2"]
[White "Wunsch, Axel"]
[Black "Adamski, Andrzej"]
[Result "0-1"]
[WhiteElo "2130"]
[BlackElo "2335"]

1.d4 d6 2.e4 g6 3.Nc3 Bg7 4.Be3 c6 5.Qd2 b5 6.f3 a6 7.Nge2 h5 8.Nc1 Nd7 9.a4 b4
10.N3a2 a5 11.c3 bxc3 12.Nxc3 Ngf6 13.Bc4 O-O 14.Nd3 d5 15.exd5 Nb6 16.Ba2 cxd5
17.Ne5 Ba6 18.b3 Qe8 19.Kf2 Nfd7 20.Rhe1 Nxe5 21.dxe5 Qb8 22.Bd4 e6 23.Qe3 Nd7
24.Rac1 Rc8 25.Kg1 Bf8 26.Nxd5 exd5 27.Rxc8 Qxc8 28.e6 Bd6 29.exf7+ Kh7 30.Rc1 Qf8
31.Rc6 Bb4 32.Qe6 Bd3 33.Qxd7 Bf5 34.Qc7 Rc8 35.Qb7 Rxc6 36.Qxc6 Qxf7 37.Qc1 Qe7
38.Bb1 Bxb1 39.Qxb1 Qe2 40.Kh1 Be1 41.Bg1 Bf2 42.Bxf2 Qxf2 43.Qd1 d4 44.h3 Qe3
45.g3 d3 46.Kg2 Kg8 47.Kf1 Kg7 48.h4 Kh7 49.Kg2 d2 50.Kf1 Qd3+ 51.Kf2 Kg8
52.Kg2 Kf7 53.Kf2 Kf8 54.g4 Kf7 55.gxh5 gxh5 56.f4 Kf6 57.Qa1+ Kf7 58.Qd1 Kf8
59.f5 Kg7 60.Qg1+ Kh8 61.Qd1 Kg7 62.Qg1+ Kf7 63.Qg6+ Kf8 64.Qf6+ Ke8 65.Qe6+ Kd8
66.Qb6+ Kd7 67.Qb7+ Kd6 68.Qb6+ Ke5 69.Qxa5+ Kf6 70.Qb6+ Kxf5 71.Qc5+ Kg4
72.Qg5+ Kh3 73.Qg2+ Kxh4 74.Qh1+ Kg5 75.Qd1 Kf4  0-1

[Event "NRW-Liga II 9899"]
[Site "GER"]
[Date "1998.??.??"]
[Round "2"]
[White "Peschlow, Patrick"]
[Black "Schaefer, Juergen"]
[Result "1/2-1/2"]
[WhiteElo "2145"]
[BlackElo "2125"]

1.e4 g6 2.d4 Bg7 3.Nc3 d6 4.Nf3 Nf6 5.Be3 O-O 6.Qd2 c6 7.Bh6 Nbd7 8.O-O-O Qa5
9.Kb1 b5 10.Nd5 Qxd2 11.Nxe7+ Kh8 12.Bxg7+ Kxg7 13.Nxd2 Bb7 14.d5 cxd5 15.Nxd5 Bxd5
16.exd5 a6 17.Be2 Rfe8 18.Rhe1 Re7 19.Bf3 Rae8 20.Rxe7 Rxe7 21.Nb3 Nb6 22.Kc1 Nfd7
23.Na5 Nc5 24.b3 f5 25.Nc6 Re8 26.c3 g5 27.h3 Kg6 28.b4 Ne4 29.Bxe4 Rxe4
30.Nb8 Nc4 31.Nxa6 Re2 32.Nc7 Rxf2 33.Nxb5 Rxa2 34.Rd4 Ne3 35.Rd2 Ra1+ 36.Kb2 Ra6
37.Kb3 Kf6 38.c4 Ke5 39.c5 dxc5 40.bxc5 Nxd5 41.Rxd5+ Kxd5 42.Nc7+ Kxc5 43.Nxa6+ Kd4
44.Kc2 Ke3 45.Kd1 Kf2 46.g4 fxg4  1/2-1/2

[Event "NRW-Liga II 9899"]
[Site "GER"]
[Date "1998.??.??"]
[Round "4"]
[White "Werner, Dimo"]
[Black "Carlier, Bruno"]
[Result "0-1"]
[WhiteElo "2385"]
[BlackElo "2390"]

1.e4 g6 2.d4 Bg7 3.Nc3 d6 4.Be3 Nf6 5.h3 O-O 6.Nf3 d5 7.exd5 Nbd7 8.Bc4 Nb6
9.Bb3 a5 10.a3 a4 11.Ba2 Nbxd5 12.Nxd5 Nxd5 13.Bg5 h6 14.Bh4 c5 15.O-O cxd4
16.Nxd4 Nf4 17.c3 g5 18.Bg3 e5 19.Nc2 Qb6 20.Nb4 Bf5 21.Bxf4 gxf4 22.Qh5 Qg6
23.Qxg6 Bxg6 24.Rad1 Rfd8 25.Bc4 Bf8 26.Rfe1 Bxb4 27.cxb4 e4 28.Bb5 Kg7 29.Bxa4 Rxd1
30.Bxd1 f5 31.Bb3 Bh5 32.Bd5 Rd8 33.Bxb7 Rd2 34.g4 fxg3 35.fxg3 Bf3 36.g4 Kf6
37.gxf5 Kxf5 38.b5 Kf4 39.Bc6 Kg3 40.b6 Rg2+ 41.Kf1 Rf2+ 42.Kg1 Rh2  0-1

[Event "Oberliga Nord N9798"]
[Site "Germany"]
[Date "1998.??.??"]
[Round "?"]
[White "Stelting, Thorsten"]
[Black "Machelett, Heiko"]
[Result "0-1"]
[WhiteElo "2260"]
[BlackElo "2355"]

1.d4 g6 2.e4 Bg7 3.Nc3 d6 4.f4 a6 5.Nf3 b5 6.a4 b4 7.Na2 a5 8.Bd3 Nf6 9.O-O O-O
10.c4 bxc3 11.bxc3 Na6 12.Qe2 c5 13.Bd2 cxd4 14.cxd4 Nc7 15.Nc3 Ba6 16.Nb5 Bb7
17.Nxc7 Qxc7 18.Rac1 Qb8 19.Rb1 Rc8 20.Rb5 Qc7 21.f5 Bc6 22.fxg6 hxg6 23.Rg5 d5
24.e5 Ne4 25.e6 Nxg5 26.Nxg5 Bxd4+ 27.Kh1 f5 28.Re1 Kg7 29.Bxf5 Rh8 30.Bh3 Bf6
31.Rf1 d4 32.Bf4 Qb6 33.Be5 Raf8 34.Nf3 Qc5 35.Bg3 Qd5 36.Bg4 Bxa4 37.Ra1 d3
38.Qa2 Bb3 39.Qa3 d2 40.Ne5 d1=Q+ 41.Bxd1 Bxd1 42.Nd7 Qb3  0-1

[Event "Oberliga Nord O9798"]
[Site "Germany"]
[Date "1998.??.??"]
[Round "?"]
[White "Maxion, Dirk"]
[Black "Syre, Christian"]
[Result "0-1"]
[WhiteElo "2255"]
[BlackElo "2275"]

1.e4 g6 2.d4 Bg7 3.Nc3 d6 4.f4 Nf6 5.Nf3 c5 6.dxc5 Qa5 7.Bd3 Qxc5 8.Qe2 Nc6
9.Be3 Qa5 10.O-O Bg4 11.h3 Bxf3 12.Qxf3 O-O 13.a3 Qc7 14.Rae1 Nd7 15.Nd5 Qd8
16.c3 e6 17.Nb4 Rc8 18.Rd1 Na5 19.Bb5 Nb6 20.f5 Nbc4 21.Bxc4 Nxc4 22.Bc1 Qh4
23.Rf2 Be5 24.Nd3 Bg3 25.Rff1 b5 26.Nf2 h5 27.Bh6 Nxb2 28.Bxf8 Nxd1 29.Nxd1 Rxf8
30.fxe6 Be5 31.exf7+ Kg7 32.Qd3 a6 33.c4 bxc4 34.Qxc4 Qg3 35.Rf3 Qh2+ 36.Kf2 h4
37.Qf1 Bd4+ 38.Ke2 Qe5 39.Rf4 Qb5+ 40.Ke1 Qa5+ 41.Ke2 Qxa3 42.Rxh4 Qa2+ 43.Ke1 Rxf7
44.Rf4 Qa5+ 45.Ke2 Qb5+ 46.Ke1 Qb4+ 47.Ke2 Qc4+ 48.Ke1 Qxf1+  0-1

[Event "BL2-W9798"]
[Site "Germany"]
[Date "1998.??.??"]
[Round "?.6"]
[White "Blaskowski, Johannes"]
[Black "Burkart, Patrick"]
[Result "0-1"]
[WhiteElo "2280"]
[BlackElo "2345"]

1.e4 g6 2.d4 Bg7 3.Nc3 d6 4.Be3 c6 5.Qd2 b5 6.Bd3 Nd7 7.f4 Nb6 8.Nf3 Nf6
9.h3 b4 10.Ne2 a5 11.a3 d5 12.e5 Ne4 13.Qc1 f5 14.exf6 exf6 15.O-O O-O 16.axb4 axb4
17.Rxa8 Nxa8 18.Qa1 Nb6 19.Qe1 Qe7 20.Nc1 Re8 21.Bd2 Bf8 22.b3 Bd7 23.Na2 Ra8
24.Bxb4 c5 25.Ba5 Qd6 26.Nc1 Bh6 27.Ne2 c4 28.bxc4 Nxc4 29.Bb4 Qc7 30.Qh4 Kg7
31.Be7 Re8 32.Bb4 Ne3 33.Ra1 Nf5 34.Ba5 Qd6 35.Qe1 Neg3 36.Bb4 Qb8 37.Qd1 Nxe2+
38.Bxe2 Qxb4 39.Ra7 Re7  0-1

[Event "Oberliga Ost A9798"]
[Site "Germany"]
[Date "1998.??.??"]
[Round "?.5"]
[White "Erler, Rainer"]
[Black "Mueller, Norbert"]
[Result "1-0"]
[WhiteElo "2145"]
[BlackElo "2090"]

1.d4 d6 2.e4 g6 3.Nc3 Bg7 4.f4 c6 5.Be3 b5 6.a3 a6 7.Nf3 Nf6 8.Qd2 O-O 9.h3 Qc7
10.Qf2 Nbd7 11.Bd3 c5 12.e5 cxd4 13.Bxd4 Ne8 14.Nd5 Qd8 15.Qh4 f6 16.e6 Nc5
17.f5 Bb7 18.fxg6 Nxd3+ 19.cxd3 hxg6 20.Bb6 Bxd5 21.Bxd8 Rxd8 22.O-O Bxe6
23.Rae1 Nc7 24.Nd4 Bd7 25.Rxe7 Nd5 26.Rxd7 Rxd7 27.Qe4 Nc7 28.Qxg6  1-0

[Event "BL2-W9798"]
[Site "Germany"]
[Date "1998.??.??"]
[Round "?.1"]
[White "Mikhalchishin, Adrian"]
[Black "Telljohann, Sven"]
[Result "1-0"]
[WhiteElo "2515"]
[BlackElo "2415"]

1.d4 g6 2.e4 Bg7 3.Nc3 d6 4.Bg5 c6 5.Qd2 b5 6.f4 a6 7.Nf3 h6 8.Bh4 Nf6 9.e5 dxe5
10.fxe5 Nd5 11.Bd3 Be6 12.Ne4 O-O 13.O-O Nd7 14.b3 b4 15.Bc4 a5 16.Kh1 Qc7
17.a3 Rab8 18.axb4 axb4 19.Ra6 Ra8 20.Rfa1 Qb7 21.h3 Rxa6 22.Bxa6 Qc7 23.Bc4 Qb7
24.Qe1 Rb8 25.Nf2 c5 26.Nd3 Qc7 27.Bg3 Qb7 28.dxc5 Nc7 29.Nd4 Bxc4 30.bxc4 Nf8
31.c6 Qb6 32.c5  1-0

[Event "Oberliga Ost B9798"]
[Site "Germany"]
[Date "1998.??.??"]
[Round "?.1"]
[White "Brueggemann, Joachim"]
[Black "Hickl, Joerg"]
[Result "1-0"]
[WhiteElo "2310"]
[BlackElo "2565"]

1.e4 g6 2.d4 Bg7 3.Nc3 d6 4.f4 Nc6 5.Nf3 Bg4 6.Be3 Bxf3 7.gxf3 e6 8.Qd2 d5
9.O-O-O Nge7 10.h4 h5 11.Kb1 Qd7 12.Ne2 f5 13.e5 Kf7 14.Ng1 a5 15.Nh3 Bh6
16.Rg1 a4 17.Qg2 Na5 18.Bd2 Rhg8 19.Ng5+ Kg7 20.Bb4 Nac6 21.Bb5 Qc8 22.Ba3 Ra5
23.c4 dxc4 24.Bxc4 Nd5 25.Bxd5 Rxd5 26.Ne4 Kf7 27.Nf6 Bxf4 28.Nxd5 exd5 29.Qc2 Qa8
30.Rg2 Ke6 31.Rdg1 Qe8 32.Qxa4 g5 33.hxg5 h4 34.Rh1 Rh8 35.g6 Bg3 36.Rc2 f4
37.g7 Rg8 38.Bf8 Qg6 39.Kc1 Qd3 40.Rxc6+  1-0

[Event "Oberliga Nord N9798"]
[Site "Germany"]
[Date "1998.??.??"]
[Round "?"]
[White "Lampe, Dirk"]
[Black "Hold, Andre"]
[Result "1/2-1/2"]
[WhiteElo "2295"]
[BlackElo "2235"]

1.e4 g6 2.d4 Bg7 3.Nc3 d6 4.Be3 Nc6 5.d5 Nb8 6.f4 c6 7.dxc6 Nxc6 8.Nf3 Nf6
9.h3 Qa5 10.Qd2 Qb4 11.Bd3 Qxb2 12.O-O Ng4 13.Nd5 Nxe3 14.Qxe3 O-O 15.a3 Bh6
16.c3 Qb3 17.a4 Be6 18.Nd2 Bxd5 19.Nxb3 Bxb3 20.Rfb1 Na5 21.Qf3 Bg7 22.Ra3 Bc4
23.Rb4 Rac8 24.Qe2 Bxd3 25.Qxd3 b6 26.Rb5 Nc4 27.Rab3 Rc7 28.Rd5 Rfc8 29.e5 Na5
30.Ra3 Nb7 31.Qa6 Nc5 32.Qe2 Nb7 33.Qb5 Bf8 34.exd6 Nxd6 35.Qd3 Nb7 36.Rd7 e6
37.Rxc7 Rxc7 38.Rb3 Nc5 39.Qc4 Rd7 40.Rb1 Rd2 41.a5 Nd7 42.Qc8 Kg7 43.Kf1 Bc5
44.a6 Nf6 45.Rb5 Ne4 46.Rxc5 Nxc5 47.Qc7 Rd7 48.Qc8  1/2-1/2

[Event "BL2-S9798"]
[Site "Germany"]
[Date "1998.??.??"]
[Round "?.6"]
[White "Grund, Holger"]
[Black "Reinhardt, Bernd"]
[Result "1-0"]
[WhiteElo "2325"]
[BlackElo "2290"]

1.e4 d6 2.d4 g6 3.Nc3 Bg7 4.Nf3 Nd7 5.Be3 e6 6.Qd2 h6 7.a4 Ne7 8.h3 a6 9.a5 Kf8
10.Be2 Kg8 11.g4 b5 12.axb6 Nxb6 13.O-O Bb7 14.Nh2 f5 15.f3 Kh7 16.Ra2 Rf8
17.Rfa1 Qc8 18.Bd3 fxe4 19.fxe4 d5 20.e5 c5 21.Na4 Nd7 22.c3 Qc6 23.Qg2 Qc7
24.Nf3 Bc6 25.Qg3 Rf7 26.b4 cxd4 27.cxd4 Raf8 28.Nd2 Qb8 29.Nc5 Nxc5 30.bxc5 Bb5
31.Bxb5 Qxb5 32.Rxa6 Qe2 33.Qe1 Qd3 34.R6a3 Qb5 35.Rb3 Qd7 36.Kg2 Nc6 37.Qe2 Bxe5
38.dxe5 d4 39.Bg1 Qd5+ 40.Qe4 Qxc5 41.Re1 Rf4 42.Rb7+ Ne7 43.Qb1 R8f7 44.Re4 Qd5
45.Bxd4 h5 46.Be3 Rxe4 47.Qxe4 hxg4 48.Qxd5 gxh3+ 49.Kxh3 exd5 50.Bg5  1-0

[Event "BL2-S9798"]
[Site "Germany"]
[Date "1998.??.??"]
[Round "?.6"]
[White "Pieper, Thomas"]
[Black "Fahnenschmidt, Gerhard"]
[Result "1-0"]
[WhiteElo "2230"]
[BlackElo "2370"]

1.e4 g6 2.d4 Bg7 3.Nc3 d6 4.f4 Nf6 5.Nf3 O-O 6.e5 Nfd7 7.h4 c5 8.e6 fxe6
9.h5 cxd4 10.Nxd4 Nf6 11.hxg6 Nc6 12.Nf3 hxg6 13.Bd3 Qa5 14.Bd2 e5 15.Bc4+ e6
16.Ng5 exf4 17.Nxe6 Re8 18.Ne2 Bxe6 19.Bxe6+ Rxe6 20.Bxa5 Nxa5 21.O-O Nc4
22.Nxf4 Re4 23.Nd5 Ng4 24.c3 Rae8 25.Rf4 Rxf4 26.Nxf4 Nge3 27.Qd3 Nxb2 28.Qxg6 Re7
29.Qxd6 Rf7 30.Ne6 Nbc4 31.Qb8+ Bf8 32.Re1 Nf5 33.Re4 Ng7 34.Rg4 Kh7 35.Nxf8+ Kh6
36.Rg6+  1-0

[Event "BL2-SuedO 9900 (Women)"]
[Site "Germany"]
[Date "1998.??.??"]
[Round "?"]
[White "Spiel, Marianne"]
[Black "Ramseier, Jana S"]
[Result "0-1"]
[WhiteElo "2094"]
[BlackElo "2148"]

1.e4 g6 2.d4 Bg7 3.Nc3 d6 4.Be3 c6 5.Qd2 b5 6.f3 a6 7.Nge2 Nd7 8.Nf4 Nb6
9.d5 c5 10.a4 b4 11.Nd1 a5 12.Bb5+ Bd7 13.Qd3 Qc7 14.O-O Nf6 15.c3 O-O 16.cxb4 axb4
17.a5 Bxb5 18.Qxb5 Nbd7 19.Nd3 Rfb8 20.Qa4 Ra6 21.Bd2 Rba8 22.Qc2 Rxa5 23.Rxa5 Qxa5
24.Ne3 Ne8 25.Nc4 Qb5 26.Bg5 b3  0-1

[Event "BL2-W9798"]
[Site "Germany"]
[Date "1998.??.??"]
[Round "?.3"]
[White "Relange, Eloi"]
[Black "Siebrecht, Sebastian"]
[Result "0-1"]
[WhiteElo "2505"]
[BlackElo "2370"]

1.d4 g6 2.e4 Bg7 3.Nc3 d6 4.Be3 a6 5.a4 b6 6.Nf3 Bb7 7.Bc4 e6 8.O-O Nf6 9.e5 dxe5
10.Nxe5 O-O 11.Qe2 Nd5 12.Nxd5 exd5 13.Bb3 Nd7 14.Nxd7 Qxd7 15.a5 Rfe8 16.Qd2 c5
17.axb6 c4 18.Ba4 Bc6 19.Qa5 Bxa4 20.Rxa4 Reb8 21.b3 cxb3 22.Rb4 bxc2 23.Rc1 Qg4
24.Qa4 Bf8 25.Rb2 Rb7 26.Qxc2 Ba3 27.Rcb1 Bxb2 28.Rxb2 Rab8 29.Qa4 Rxb6 30.Rxb6 Rxb6
31.Qe8+ Kg7 32.Qe5+ Rf6 33.h4 Qe6 34.Qg5 Qf5 35.Qg3 a5 36.Bg5 Re6 37.h5 Re1+  0-1

[Event "BL2-W9798"]
[Site "Germany"]
[Date "1998.??.??"]
[Round "?.3"]
[White "Lytchak, Alexander"]
[Black "Siebrecht, Sebastian"]
[Result "1-0"]
[WhiteElo "2390"]
[BlackElo "2370"]

1.d4 g6 2.e4 Bg7 3.Nc3 d6 4.Nf3 a6 5.Bf4 b5 6.e5 Nd7 7.Bd3 Nb6 8.O-O d5 9.h3 e6
10.b3 Qe7 11.Qd2 Bd7 12.Ne2 c5 13.dxc5 Qxc5 14.Be3 Qc6 15.Qa5 Nc8 16.a4 bxa4
17.Ned4 Qb6 18.Qc3 Qb8 19.bxa4 Bxe5 20.Nxe5 Qxe5 21.Rfe1 Nge7 22.Bc1 Qf6
23.Bb2 O-O 24.Qc7 Ra7 25.Qb8 Qh4 26.Nf3 Qh5 27.Ne5 Nc6 28.Nxd7 Rxd7 29.Qf4 a5
30.g4 Qh4 31.Bf6 Qxh3 32.Bf1 e5 33.Bxe5 Qh4 34.Bf6 g5 35.Bxg5  1-0

[Event "Oberliga Ost A9798"]
[Site "Germany"]
[Date "1998.??.??"]
[Round "?.2"]
[White "Csulits, Anton"]
[Black "Poenisch, Egmont"]
[Result "1-0"]
[WhiteElo "2305"]
[BlackElo "2175"]

1.d4 g6 2.e4 Bg7 3.Nc3 d6 4.f4 c5 5.dxc5 Qa5 6.cxd6 Bxc3+ 7.bxc3 Qxc3+ 8.Bd2 Qc6
9.Qf3 Nf6 10.e5 Ne4 11.dxe7 Nxd2 12.Qxc6+ Nxc6 13.Kxd2 Kxe7 14.Bd3 Rd8 15.Ke3 Be6
16.Nf3 h6 17.Rhd1 Rac8 18.a3 Na5 19.Nd4 Bg4 20.Rd2 a6 21.h3 Bd7 22.Ne2 Ba4
23.Rb1 Bc6 24.Nd4 b5 25.Rb4 Be8 26.Ne2 Bc6 27.g3 Bd5 28.a4 Nc4+ 29.Bxc4 Bxc4
30.Rxd8 Kxd8 31.Nd4 a5 32.Rb1 b4 33.Nb3 Bxb3 34.Rd1+ Ke7 35.cxb3 Rc5 36.Ke4 Rc3
37.Rd3 Rc5 38.g4 Rc1 39.f5 gxf5+ 40.gxf5 Re1+ 41.Kd5 Rc1 42.f6+ Ke8 43.Ke4 Re1+
44.Kf4 Rc1 45.Rd5 Rc3 46.Rxa5 Rxb3 47.Ra8+ Kd7 48.Rf8 Rxh3 49.Rxf7+ Ke8 50.e6 b3
51.Rb7  1-0

[Event "Oberliga Ost B9798"]
[Site "Germany"]
[Date "1998.??.??"]
[Round "?.1"]
[White "Staller, Peter"]
[Black "Hickl, Joerg"]
[Result "0-1"]
[WhiteElo "2345"]
[BlackElo "2565"]

1.e4 g6 2.d4 Bg7 3.Nc3 d6 4.Nf3 a6 5.a4 e6 6.Be2 Ne7 7.O-O b6 8.Re1 Bb7 9.Bf1 Nd7
10.g3 O-O 11.Bg2 h6 12.h3 Kh7 13.Nh2 c5 14.Be3 Qc7 15.dxc5 bxc5 16.Qd2 Rad8
17.Rad1 Ne5 18.Qe2 N5c6 19.Qd2 Qa5 20.Qc1 Ne5 21.Ng4 Nxg4 22.hxg4 Nc6 23.g5 h5
24.Bd2 Qb6 25.Bf4 Ne5 26.b3 Ng4 27.Qd2 Bd4 28.Rf1 e5 29.Be3 f6 30.Rde1 Bxe3
31.fxe3 fxg5 32.Nd5 Bxd5 33.Qxd5 Nf6 34.Qe6 Rde8 35.Qc4 Kg7 36.Re2 Ng4 37.Bh3 Rxf1+
38.Kxf1 Nf6 39.Rf2 a5 40.Kg1 g4 41.Bg2 Qb4 42.Qd3 Qe1+ 43.Bf1 Rf8 44.Kg2 Ne8
45.Rxf8 Kxf8 46.c3 g5 47.Qd5 h4  0-1

[Event "Oberliga Ost B9798"]
[Site "Germany"]
[Date "1998.??.??"]
[Round "?.1"]
[White "Komsic, Drago"]
[Black "Hickl, Joerg"]
[Result "1/2-1/2"]
[WhiteElo "2350"]
[BlackElo "2565"]

1.e4 g6 2.d4 Bg7 3.Nc3 d6 4.Nf3 a6 5.a4 b6 6.Bc4 e6 7.O-O Ne7 8.Be3 Bb7 9.Qd2 h6
10.Rfe1 Nd7 11.h3 g5 12.Rad1 Ng6 13.Kh2 Qb8 14.Kg1 Qd8 15.Kh2 Qe7 16.Ng1 Nf6
17.f3 c5 18.g3 Nh5 19.Bf2 Qc7 20.d5 Bxc3 21.Qxc3 e5 22.Be2 O-O 23.b4 a5 24.bxc5 bxc5
25.Rb1 Ng7 26.g4 Nf4 27.Bc4 Bc8 28.Ne2 Ng6 29.Qd2 Qd8 30.Rb2 h5 31.Bb5 Qf6
32.Kg2 Ra7 33.Reb1 Kh7 34.Rh1 Rh8 35.Rbb1 Kg8 36.Bg3 Kh7 37.Rb3 Ne8 38.Rbb1 Kg7
39.Bc4 Nc7 40.Bb5 Qe7 41.Bf2 Qf6 42.Bg3 Qd8 43.Qd3 Na6 44.c3 Nb8 45.Qd2 Nd7
46.Bf2 Qf6 47.Rbg1 Ndf8 48.Rb1 Rb7 49.Qd3 Ra7 50.Qd2 Rh7 51.Bg3 Nf4+ 52.Nxf4 exf4
53.Bf2 Ng6 54.Rbg1 Ne5 55.Be1 Qg6 56.Kf2 Re7 57.Qe2 c4 58.Kf1 Bd7 59.Bf2 f6  1/2-1/2

[Event "BL2-N9798"]
[Site "Germany"]
[Date "1998.??.??"]
[Round "4.4"]
[White "Schlaeger, Uwe"]
[Black "Von Herman, Ulf"]
[Result "0-1"]
[WhiteElo "2250"]
[BlackElo "2375"]

1.e4 g6 2.d4 Bg7 3.Nc3 d6 4.g3 Nf6 5.Bg2 O-O 6.Nge2 Nc6 7.h3 e5 8.Be3 a6
9.O-O Bd7 10.Qd2 exd4 11.Nxd4 Ne5 12.Qe2 b5 13.a4 c5 14.Nf3 Nxf3+ 15.Qxf3 b4
16.Nd1 Bc6 17.Bg5 h6 18.Bxf6 Bxf6 19.Qf4 Re8 20.h4 h5 21.c3 a5 22.Ra2 Rb8
23.Re1 Be5 24.Qd2 Qd7 25.Ne3 Qe6 26.Nd5 Bxg3 27.Raa1 Be5 28.Nc7 Qf6 29.Nxe8 Bxe8
30.Qg5 bxc3 31.bxc3 Qxg5 32.hxg5 Bxc3 33.Reb1 Rb4 34.Rxb4 axb4 35.Rd1 b3
36.Bf1 b2 37.Bc4 Kf8 38.Bf1 Bd2 39.Bd3 Bc1 40.a5  0-1

[Event "NRW-Liga 9798"]
[Site "Germany"]
[Date "1998.??.??"]
[Round "6"]
[White "Buenermann, Volker"]
[Black "Reinartz, Georg"]
[Result "1-0"]
[WhiteElo "2325"]
[BlackElo "2260"]

1.e4 g6 2.d4 Bg7 3.Nc3 d6 4.Be3 a6 5.Qd2 Nd7 6.f4 b5 7.Nf3 Bb7 8.Bd3 e5 9.O-O exd4
10.Bxd4 Bxd4+ 11.Nxd4 Ngf6 12.e5 dxe5 13.fxe5 Nxe5 14.Qf4 Nfd7 15.Rae1 Qe7
16.Be4 Bxe4 17.Rxe4 O-O 18.Kh1 Qd6 19.Qg3 Kh8 20.Rd1 f5 21.Nde2 Qxd1+ 22.Nxd1 fxe4
23.Nf2 Rae8 24.Nxe4 Nc4 25.Qc3+ Kg8 26.N4g3 c5 27.Qd3 Nf6 28.h3 Re3 29.Qd1 Rfe8
30.b3 Nb6 31.Qd6 Nbd5 32.Nf4 Re1+ 33.Kh2 Nxf4 34.Qxf4 R8e6 35.Qb8+ Kf7 36.Qc7+ Re7
37.Qxc5 h5 38.Qd4 Rd7 39.Qf4 Kg7 40.c4 bxc4 41.bxc4 Rb7 42.Nf5+ gxf5 43.Qg3+ Ng4+
44.hxg4 Re4 45.gxf5+ Rg4 46.Qe5+ Kh7 47.c5 Rbg7 48.Qd5 Rh4+ 49.Kg1 Rf4 50.c6 h4
51.Kh2 Rf1 52.Qd3 Rf2 53.Qe4 Kg8 54.Qc4+ Kh8 55.c7 Rgxg2+ 56.Kh3 Rh2+ 57.Kg4 Rhg2+
58.Kxh4 Kh7 59.c8=Q Rh2+ 60.Kg5 Rhg2+ 61.Kf6 Rg6+ 62.Ke5  1-0

[Event "BL2-O9798"]
[Site "Germany"]
[Date "1998.??.??"]
[Round "7.1"]
[White "Roth, Norbert"]
[Black "Bezold, Michael"]
[Result "0-1"]
[WhiteElo "2290"]
[BlackElo "2490"]

1.e4 g6 2.d4 Bg7 3.Nc3 d6 4.f4 a6 5.Nf3 b5 6.Bd3 Bb7 7.O-O Nd7 8.e5 e6 9.d5 exd5
10.exd6 cxd6 11.Re1+ Ne7 12.Qe2 Bf6 13.f5 O-O 14.fxg6 Nxg6 15.Qf2 Nde5 16.Bf5 Kh8
17.Nd4 Rg8 18.Be3 Nc4 19.b3 Nxe3 20.Qxe3 Nh4 21.g3 Qb6  0-1

[Event "BL2-N9798"]
[Site "Germany"]
[Date "1998.??.??"]
[Round "8.7"]
[White "Lindinger, Markus"]
[Black "Sieg, Ulrich"]
[Result "1-0"]
[WhiteElo "2250"]
[BlackElo "2310"]

1.d4 g6 2.e4 d6 3.Nc3 Bg7 4.g3 Nf6 5.Bg2 O-O 6.Nge2 Nbd7 7.h3 c5 8.Be3 Qc7
9.O-O a6 10.a4 Rb8 11.a5 cxd4 12.Bxd4 b6 13.axb6 Nxb6 14.Nd5 Nbxd5 15.exd5 Re8
16.Qd2 Bb7 17.Rfc1 Nd7 18.c4 Bxd4 19.Nxd4 e6 20.Ra3 Rbc8 21.Nc6 Nb8 22.Na5 exd5
23.Nxb7 Qxb7 24.Bxd5 Qb6 25.Rf3 Rc7 26.Re1 Re5 27.Rxe5 dxe5 28.Qg5 Nc6 29.Qf6 Qb7
30.b4  1-0

[Event "BL2-N9798"]
[Site "Germany"]
[Date "1998.??.??"]
[Round "8.5"]
[White "Fette, Martin"]
[Black "Engelbert, Christoph"]
[Result "0-1"]
[WhiteElo "2345"]
[BlackElo "2265"]

1.e4 g6 2.d4 Bg7 3.Nc3 d6 4.f4 Nc6 5.Nf3 Bg4 6.Be3 Bxf3 7.gxf3 d5 8.Qd2 e6
9.O-O-O Nge7 10.h4 h5 11.Bh3 Qd7 12.Kb1 O-O-O 13.Qe2 f5 14.Bf2 Kb8 15.Rhe1 Bh6
16.Be3 Rhf8 17.e5 Na5 18.b3 b6 19.Bf1 Rg8 20.Na4 Nc8 21.Qa6 Nb7 22.Rc1 Bf8
23.c4 c6 24.c5 bxc5 25.dxc5 Re8 26.Red1 Nd8 27.Rd4 Ka8 28.Rb4 Qc7 29.Nb6+ Nxb6
30.cxb6 Qb7 31.Ra4 Qxa6 32.Rxa6 Rg7 33.bxa7 Rd7 34.Ra4 Be7 35.Be2 Rc7 36.b4 Nb7
37.a3 Bf8 38.Ra6 Rec8 39.b5 cxb5 40.Rxc7 Rxc7 41.Rxe6 Bc5 42.Bxc5 Nxc5 43.Rxg6 Kxa7
44.Rd6 Rg7 45.Rxd5 Kb6 46.Bd3 Rg3 47.Bxf5 Rxf3 48.e6 Rxf4 49.e7 Rf1+ 50.Kb2 Re1
51.Rd6+ Kc7 52.Re6  0-1

[Event "NRW-Liga 9798"]
[Site "Germany"]
[Date "1998.??.??"]
[Round "9.4"]
[White "Goralski, Christian"]
[Black "Okrajek, Alexander"]
[Result "0-1"]
[WhiteElo "2125"]
[BlackElo "2270"]

1.e4 g6 2.d4 Bg7 3.Nc3 d6 4.Be3 Nf6 5.Qd2 Ng4 6.Bg5 h6 7.Bh4 O-O 8.h3 Nf6
9.O-O-O c6 10.f4 b5 11.e5 b4 12.Nce2 Nd5 13.g4 Qa5 14.Kb1 Be6 15.Bg2 dxe5
16.dxe5 Nc3+ 17.Nxc3 bxc3 18.Qxc3 Qxa2+ 19.Kc1 Qa1+  0-1

[Event "NRW-Liga 9798"]
[Site "Germany"]
[Date "1998.??.??"]
[Round "9.1"]
[White "Pedzich, Dominik"]
[Black "Odendahl, Reiner"]
[Result "1-0"]
[WhiteElo "2440"]
[BlackElo "2325"]

1.e4 d6 2.d4 g6 3.Nc3 Bg7 4.f4 c6 5.Nf3 Bg4 6.Be3 Qb6 7.Qd2 Nf6 8.Bd3 Nbd7
9.O-O Bxf3 10.gxf3 Qa5 11.Kh1 e5 12.Nb5 Qxd2 13.Nxd6+ Ke7 14.Bxd2 exd4 15.Nxb7 Rhb8
16.Na5 Rxb2 17.Nxc6+ Kf8 18.Rfb1 Rb6 19.Nxd4 Nh5 20.e5 Bh6 21.Be4 Rc8 22.Rxb6 axb6
23.Bb4+ Kg7 24.e6 fxe6 25.Nxe6+ Kf6 26.Nd4 Bxf4 27.Nc6 Kg5 28.Rd1 Nhf6 29.Be7 Kh6
30.Nd8 Rc4 31.Bd3 Rd4 32.Ne6 Ra4 33.Bb5 Rxa2 34.Nxf4 Ng8 35.Rxd7 Rxc2 36.Bd8 Rc5
37.Rd5 Rc3 38.Kg2 Rb3 39.Ne6 g5 40.Bxg5+ Kg6 41.Be8+  1-0

[Event "Excelsior Cup"]
[Site "Gothenburg"]
[Date "1998.??.??"]
[Round "6"]
[White "Hartman, Christer"]
[Black "Gausel, Einar"]
[Result "0-1"]
[WhiteElo "2345"]
[BlackElo "2555"]

1.e4 g6 2.d4 Bg7 3.Nc3 d6 4.f4 a6 5.Nf3 b5 6.Bd3 Bb7 7.Qe2 Nd7 8.e5 c5 9.Be4 Bxe4
10.Nxe4 cxd4 11.exd6 Nh6 12.a4 O-O 13.axb5 exd6 14.O-O axb5 15.Rxa8 Qxa8
16.Nxd6 b4 17.Bd2 Qb8 18.Qe7 Nb6 19.Ne4 Nd5 20.Qc5 Nxf4 21.Qxb4 Qxb4 22.Bxb4 Rc8
23.Bd2 Nd5 24.Rc1 Nf5 25.Kf2 Nfe3 26.c3 f5 27.Nd6 Rd8 28.Nb5 dxc3 29.bxc3 Nc4
30.Be1 Nf4 31.Rb1 Ra8 32.g3 Ra2+ 33.Kg1 Nh3+ 34.Kh1 g5 35.Nbd4 Bxd4 36.cxd4 g4
37.Nh4 Ne3 38.d5 Nxd5 39.Nxf5 h5 40.Rd1 Rf2 41.Bxf2 Nxf2+ 42.Kg1 Nxd1 43.h3 gxh3
44.Kh2 Nf2 45.g4 Nf6  0-1

[Event "Gyongyos Matra Kupa"]
[Site "Gyongyos"]
[Date "1998.??.??"]
[Round "3"]
[White "Prelevic, Mirko"]
[Black "Frink, Ferenc"]
[Result "1/2-1/2"]
[WhiteElo "2155"]
[BlackElo "2220"]

1.e4 d6 2.d4 g6 3.Nc3 Bg7 4.Be3 Nf6 5.f3 Nbd7 6.g4 c5 7.Qd2 Qa5 8.Nge2 b5
9.g5 b4 10.Nd1 Nh5 11.Ng3 Nxg3 12.hxg3 cxd4 13.Bxd4 Bxd4 14.Qxd4 Qe5 15.Qxe5 Nxe5
16.Be2 Bb7 17.Ne3 Kf8 18.O-O-O Kg7 19.Nd5 Bxd5 20.exd5 Rac8 21.Rh4 a5 22.Re4 f5
23.Re3 Rc7 24.f4 Nf7 25.g4 fxg4 26.Bxg4 h5 27.gxh6+  1/2-1/2